| 000 | 00512cam a2200205 4500 | ||
|---|---|---|---|
| 008 | 090401t1993 xxu||||| |||| 00| 0 eng d | ||
| 020 | _a1857502159 | ||
| 035 | _a(Sirsi) u29599 | ||
| 041 | _aeng | ||
| 050 | _a614.772 | ||
| 110 |
_aFriends of the Earth _92325 |
||
| 245 | _aWater pollution: finding the facts. | ||
| 260 |
_aLondon _bFriends of the Earth _c1993 |
||
| 300 | _a55p. : ill. ; 21cm. | ||
| 350 | _a3.45 | ||
| 650 | _aWATER POLLUTION | ||
| 690 | _aWATER | ||
| 942 | _n0 | ||
| 948 | _c04/03/1997 | ||
| 999 |
_c89444 _d89444 |
||